000 00326nam a22001337a 4500
020 _a978-93-5141-808-5
082 _a530
_bSIN/P
100 _aS.K.SINGH
245 _aCBSE CHAPTERWISE SOLUTIONS PHYSICS
_bCLASS XII
260 _aMEERUT
_bARIHANT
300 _a508
650 _aPHYSICS SOLUTIONS FOR CLASS XII
_zINDIA
942 _cBK
999 _c667
_d667